LEADER 05058nam 2200649Ia 450 001 9910643089803321 005 20230213211409.0 010 $a1-282-30159-4 010 $a9786612301599 010 $a0-470-18681-X 010 $a0-470-18831-6 035 $a(CKB)1000000000376539 035 $a(EBL)469141 035 $a(OCoLC)814414602 035 $a(SSID)ssj0000364915 035 $a(PQKBManifestationID)11255041 035 $a(PQKBTitleCode)TC0000364915 035 $a(PQKBWorkID)10399530 035 $a(PQKB)11725079 035 $a(MiAaPQ)EBC469141 035 $a(EXLCZ)991000000000376539 100 $a20070725d1964 uy 0 101 0 $aeng 135 $aur|n|---||||| 181 $ctxt 182 $cc 183 $acr 200 10$aPyrazolones, pyrazolidones, and derivatives$b[electronic resource] /$fRichard H. Wiley, Paul Wiley 205 $a99th ed. 210 $aNew York $cInterscience Publishers$d1964 215 $a1 online resource (558 p.) 225 1 $aChemistry of heterocyclic compounds ;$vv. 20 300 $aDescription based upon print version of record. 311 $a0-470-38190-6 320 $aIncludes bibliographical references and index. 327 $aPYRAZOLONES, PYRAZOLIDONES, AND DERIVATIVES; Contents; Part 1 . Chemistry; Chapter I . General .; 1 . Introduction; 2 . Historical; 3 . Structure .; 4 . Synthesis .; 5 . Physical Properties .; 6 . Chemical Properties .; Chapter II . Pyrazolin-5-ones .; 1 . Introduction; 2 . Unsubstituted Alkyl, Alicyclic, Aralkyl, Aryl and Heterocyclic Substituted Derivatives; A . 2-Pyrazolin-5-ones; (1) Syntheses; (2) Physical Properties; (3) Chemical Properties; (4) Hydroxyalkyl Types; (5) AminoalkylTypes; (6) Bis(2-pyrazolin-5-ones); B . 2 -P yrazolin . 5 . thiones; C . 6-Imino-2-pyrazolines 327 $aD . 3-Pyrazolin-5-ones(1) Syntheses; (2) Properties; (3) Bis(3-pyrazolin-5-ones); E . 3-Pyrazolin-5-thiones and -5-selenones; F . 5-Imino-3-pyrazolines; 3 . Hydroxy and Mercapto Derivatives; A . 2-Pyrazolin-5-ones; B . 3-Pyrazolin-5-ones; 4 . Amino, Imino, Hydrazino, Azo and Related Derivatives; A . 2-Pyrazolin- 5-ones; B . 3-Pyrazolin-5-ones; 5 . Halogen Substituted Derivatives; A . 2-Pyrazolin-5-ones; B . 3-Pyrazolin-5-ones; 6 . Nitroso Substituted Derivatives; A . 2 -Pyrazolin-5-ones; B . 3-Pyrazolin-5-ones; 7 . Nitro Substituted Derivatives; A . 2-Pyrazolin-5-ones; B . 3-Pyrazolin- 5-ones 327 $a8 . Aldehydes and KetonesA . 2-Pyrazolin- 5-ones; B . 3-Pyrazolin-5-ones; 9 . Carboxylic Acids and Derivatives; A . 2-Pyrazolin-5-ones; B . 3-Pyrazolin-5-ones; 10 . Sulfonic Acids and Derivatives; A . 2 -Pyrazolin-5-ones; B . 3-Pyrazolin-5-ones; 11 . Functional Group Substituents on Nitrogen; A . 2-Pyrazolin- 5-ones; B . 3-Pyrazolin-5-ones; 12 . Mercury Substituted Derivatives; A . 2-Pyrazolin- 5-ones; B . 3 -Pyrazolin . 5 -ones; 13 Metallic and Non-metallic Complexes; A . 2-Pyrazolin-5-ones; B . 3-Pyrazolin- 5-ones; 14 . Miscellaneous Derivatives; Chapter III . 2-Pyrazolin-4-ones 327 $aChapter IV . 2-Pyrazolin-4, 5-dionesChapter V . 3-Pyrazolidinones; Chapter VI . 3, 4-Pyrazolidinediones; Chapter VII . 3, 5-Pyrazolidinediones; 1 . Introduction; 2 . Alkyl, Aralkyl, Heterocyclicalkyl and Aryl Substituted Derivatives; 3 . Hydroxy and Alkoxy Substituted Derivatives; 4 . Amino and Azo Substituted Derivatives; 5 . Halogen Substituted Derivatives; 6 . Nitroso Substituted Derivatives; 7 . C-Acyl Substituted Derivatives; 8 N-Acyl Substituted Derivatives .; Chapter VIII . 5-Imino-3-pyrazolidinones; 1 . Introduction 327 $a2 . Alkyl, Alicyclic, Aralkyl, Heterocyclicalkyl, Heterocyclic and Aryl Substituted Derivatives3 . Functional Group Derivatives; Chapter IX . Miscellaneous 3, 5-Pyrazolidinediones and Analogs; Part 2 . Applications; Chapter I . Medical; Chapter II . Color Photography; Chapter III . Textile and Fabric Dyes; Chapter IV . Analytical Reagents; Chapter V.Miscellaneous; Appendix . Systematic Tables of Pyrazolones and their Derivatives; References; Index 330 $aChemistry of Heterocyclic Compounds publishes articles, letters to the Editor, reviews, and minireviews on the synthesis, structure, reactivity, and biological activity of heterocyclic compounds including natural products. The journal covers investigations in heterocyclic chemistry taking place in scientific centers of all over the world, including extensively the scientific institutions in Russia, Ukraine, Latvia, Lithuania and Belarus. 410 0$aChemistry of heterocyclic compounds ;$vv. 20. 606 $aPyrazolones 606 $aPyrazolones$xDerivatives 615 0$aPyrazolones. 615 0$aPyrazolones$xDerivatives. 676 $a547.593 676 $a547/.59/05 700 $aWiley$b Richard H$083420 701 $aWiley$b Paul F$g(Paul Fears),$f1916-1987.$0863259 801 0$bMiAaPQ 801 1$bMiAaPQ 801 2$bMiAaPQ 906 $aBOOK 912 $a9910643089803321 996 $aPyrazolones, pyrazolidones, and derivatives$93005126 997 $aUNINA LEADER 01571nas 2200493-a 450 001 996216810803316 005 20240413020942.0 035 $a(DE-599)ZDB2058734-X 035 $a(CKB)954927628267 035 $a(CONSER)sn-91033495- 035 $a(NjHacI)99954927628267 035 $a(EXLCZ)99954927628267 100 $a19911012b19842008 --- - 101 0 $aspa 135 $aur||||||||||| 181 $ctxt$2rdacontent 182 $cc$2rdamedia 183 $acr$2rdacarrier 200 10$aAnales de medicina interna $eorgano oficial de la Sociedad Espaņola de Medicina Interna 210 $aMadrid $cC y S, Ediciones, S.A 210 3 $aMadrid $cAran Ediciones 210 1$aS.A, Madrid :$cAra?n Ediciones,$d1984-2008. 215 $a1 online resource 300 $aRefereed/Peer-reviewed 311 08$aPrint version: Anales de medicina interna (Madrid, Spain : 1984) 0212-7199 (DLC)sn 91033495 (OCoLC)24538303 531 $aAN MED INTERNA 531 10$aAn Med Interna 606 $aInternal medicine$vPeriodicals 606 $aInternal medicine$2fast$3(OCoLC)fst00976610 606 $aInternal Medicine 608 $aPeriodicals.$2fast 608 $aPeriodical. 615 0$aInternal medicine 615 7$aInternal medicine. 615 2$aInternal Medicine. 676 $a616.005 712 02$aSociedad Espaņola de Medicina Interna. 801 0$bNjHacI 801 1$bNjHacl 906 $aJOURNAL 912 $a996216810803316 920 $aexl_impl conversion 996 $aAnales de medicina interna$91946581 997 $aUNISA